| 000 | 00380cam a2200157ua 4500 | ||
|---|---|---|---|
| 041 |
_aeng _h |
||
| 082 |
_a641.3 _bSWA/OU |
||
| 100 | _aSwaminathan, M . | ||
| 245 |
_aOur food / _cM Swaminathan. _hTextual Documents |
||
| 260 |
_aMadras : _bGanesh and co.Pvt Ltd , _c1962. |
||
| 300 | _a96 ; . | ||
| 504 | _a | ||
| 700 | 1 | _aBhagavan, R K . | |
| 942 | _cBK | ||
| 999 |
_c6389 _d6389 |
||